000
00273nam a22001097a 4500
082
_a
030 COL'H
100
_a
HALSEY, WILLIAM D
_9
57356
245
_a
COLLIER ENCYCLOPEDIA WITH BIBLOGRAPHY AND INDEX VOLUME - 4
260
_a
USA
_b
COLLIER
_c
1965
300
_a
24V
942
_c
BK
999
_c
567646
_d
567646